[Event "Saarland-ch MB 87th"]
[Site "Voelklingen"]
[Date "2012.04.04"]
[Round "6"]
[White "Hoefer, Michael"]
[Black "Gross, Marc"]
[Result "1-0"]
[WhiteElo "1430"]
[BlackElo "1889"]
[PlyCount "59"]
[EventDate "2012.03.30"]
[EventType "swiss"]
[EventRounds "6"]
[EventCountry "GER"]
[SourceTitle "EXT 2013"]
[Source "ChessBase"]
[SourceDate "2012.11.22"]
[SourceVersion "1"]
[SourceVersionDate "2012.11.22"]
[SourceQuality "1"]

1. c4 e5 2. d3 Nf6 3. Bg5 Be7 4. Bxf6 Bxf6 5. Nc3 c6 6. g3 0-0 7. Bg2 d6 8. Nf3 Be6 9. 0-0 Nd7 10. Rb1 Rc8 11. Nd2 Be7 12. b4 f5 13. b5 Nc5 14. bxc6 bxc6 15. Nb3 Na6 16. Nd2 Qc7 17. e3 Bf6 18. Qe2 Rfe8 19. Rfc1 Nc5 20. Nb3 Nd7 21. d4 exd4 22. exd4 Nb6 23. Qd3 Bxc4 24. Qxf5 Bxb3 25. Rxb3 Bxd4 26. Nb5 cxb5 27. Rxc7 Rxc7 28. Bd5+ Kh8 29. Rd3 Bf6 30. Be4 1-0